Actors With Most Best Actor Oscar Nominations - Statistics

General Stats
  • This quiz has been taken 191 times
  • The average score is 6 of 11
Answer Stats
Wins Answer % Correct
8 Jack Nicholson
80%
7 Marlon Brando
75%
6 Daniel Day-Lewis
71%
9 Spencer Tracy
60%
7 Dustin Hoffman
53%
9 Laurence Olivier
52%
6 Denzel Washington
51%
8 Paul Newman
47%
8 Peter O'Toole
46%
6 Richard Burton
40%
7 Jack Lemmon
38%
No matching quizzes found
Score Distribution
Percent of People with Each Score
Percentile by Number Answered
Your Score History
You have not taken this quiz